| 000 | 00913cam a2200229 4500 | ||
|---|---|---|---|
| 001 | WB@3612-250 | ||
| 008 | 040901n2004 000 0 eng u | ||
| 035 | _a(Sirsi) u127244 | ||
| 245 | _aState of the UK | ||
| 260 | _c2004 | ||
| 490 |
_aNational Statistics Press Release _v27 August 2004 (3) |
||
| 520 | _aLatest figures from the Office of National Statistics on "UK output, income and expenditure: 2nd quarter 2004" show that the UK GDP level is now 3.7% higher than the same quarter of 2003. Volume of output in the production industries rose by 0.9%, within which manufacturing rose by 0.9%. Construction growth is estimated to be 0.9%. http://www.statistics.gov.uk/pdfdir/gdp0804.pdf | ||
| 590 | _aWB | ||
| 590 | _aWB | ||
| 650 | _aSTATISTICS | ||
| 650 | _aUNITED KINGDOM | ||
| 650 | _aECONOMICS | ||
| 650 | _aNATIONAL ACCOUNTS | ||
| 650 | _aGDP | ||
| 690 | _aECONOMIC ISSUES | ||
| 942 | _n0 | ||
| 999 |
_c117941 _d117941 |
||